| 000 | 01028nam a2200265 a 4500 | ||
|---|---|---|---|
| 001 | 22735 | ||
| 003 | BD-RjUL | ||
| 005 | 20211209000838.0 | ||
| 008 | 160803m19691961pk 001 0 eng | ||
| 020 | _c: PRs. 10.00 (V-1) | ||
| 020 | _c: PRs. 12.50 (V-2) | ||
| 020 | _c: PRs. 15.00 (V-3) | ||
| 035 | _a(BD-RjUL)22800 | ||
| 040 |
_aDLC _cCarP _dDLC _dBD-RjUL _beng |
||
| 041 | _aeng | ||
| 082 | 0 | 0 |
_223 _a347.2 _bKAL 1961-1969 |
| 100 | 1 |
_aKabir, Lutful _916819 |
|
| 245 | 1 | 0 |
_aLand laws in East Pakistan / _cby Lutful Kabir |
| 260 |
_aDacca : _bLaw House, _c1961-1969 |
||
| 300 |
_a v. ; _c23 cm. |
||
| 500 | _aIncludes index. | ||
| 505 | 0 | _aVol. 1 -- v. 2, The Bengal Tenancy Act, 1885 (Act VIII of 1885) [As modified up-to-date] -- v. 3, The East Pakistan state acquisition & tenancy act, 1950 (East Pakistan act XXVIII of 1951) with the East Pakistan state acquisition rules, 1951 & the East Pakistan (bonds) rules, 1957 (as modified up-to-date) | |
| 650 | 0 |
_aLand tenure _xLaw and legislation _916821 |
|
| 942 |
_2ddc _cBK |
||
| 999 |
_c22735 _d22735 |
||